Представление документа в формате RUSMARC

ПолеНазваниеЗначение
  Тип записи a
  Библиографический уровень m
001 Контрольный номер 4519350a355847f6a142027e0e2e9fdc
005 Дата корректировки 20140621132120.7
010 Индекс ISBN __
a ISBN 5-94723-237-5
200 Заглавие и сведения об ответственности 1_
a Заглавие Рекламные процедуры Клеппнера
e Сведения, относящиеся к заглавию [Учебник]:Пер.с англ.
f Первые сведения об ответственности Рассел Дж.Томас, Лейн У.Рональд
205 Сведения об издании __
b Дополнительные сведения об издании 15-е междунар.изд.
210 Выходные данные 1_
a Место издания СПб.
c Издательство Питер
d Дата издания 2003
215 Физическое описание __
a Объем 927 с.
225 Серия 2_
a Серия Маркетинг для профессионалов
610 Ключевые слова 0_
a Ключевые слова реклама
610 Ключевые слова 0_
a Ключевые слова рекламная деятельность
610 Ключевые слова 0_
a Ключевые слова рекламная продукция
610 Ключевые слова 0_
a Ключевые слова рекламно-информационное воздействие
610 Ключевые слова 0_
a Ключевые слова рекламные агенства
610 Ключевые слова 0_
a Ключевые слова рекламные компании
610 Ключевые слова 0_
a Ключевые слова рекламные расходы
610 Ключевые слова 0_
a Ключевые слова рекламный бизнес
610 Ключевые слова 0_
a Ключевые слова право
610 Ключевые слова 0_
a Ключевые слова учебник
610 Ключевые слова 0_
a Ключевые слова маркетинг
610 Ключевые слова 0_
a Ключевые слова история рекламы
686 Индексы других классификаций __
a Классификационный индекс 65.050.8
2 Код системы rubbk
686 Индексы других классификаций __
a Классификационный индекс 65.9(2)421-803.8
2 Код системы rubbk
700 Автор _1
a Фамилия Рассел Дж.Томас
701 Альтернативная интеллектуальная ответственность _1
a Фамилия Лейн У.Рональд
801 Источник записи _0
a Страна RU
b Организация РУК
c Дата составления 20031023
g Правила каталогизации PSBO
801 Источник записи _1
a Страна RU
b Организация РУК
c Дата составления 20031023
g Правила каталогизации PSBO
852 Данные о местонахождении __
i Авторский знак Р24
j Шифр хранения ББК 65.050
901 Тип документа __
t Тип документа m
938 Служебная информация __
a Название организации Головной вуз
b Имя БД BOOK
c Название АИБС АИБС ИРБИС